000 00572nam a22001937a 4500
005 20260108092327.0
008 260108b |||||||| |||| 00| 0 eng d
020 _a9780415177061
_qhbk
041 _aeng
082 _a301
_bGLA
100 _aGlass, Ruth
245 _aThe Social Background of a Plan
_cedited by Ruth Glass
260 _aOxon
_bRoutledge
_c1948
300 _a268 +[50] p.
_c23 cm.
490 _aInternational Library of Sociology
504 _aindex
650 _aSchool Medical Service; Middlesbrough (England) Social conditions
942 _cENGLISH
999 _c607551
_d607551